[Event "4. Wittelsbacher Weihnachts-Schach-Open"]
[Site "Kelheim"]
[Date "2015.12.30"]
[Round "7.44"]
[White "Gottschall, Ina"]
[Black "Swierzy, David"]
[Result "0-1"]
[WhiteElo "1751"]
[BlackElo "1648"]
[PlyCount "78"]
[EventDate "2015.??.??"]
[WhiteTeam "USV TU Dresden"]
[BlackTeam "SC Straubing"]

1. d4 Nf6 2. c4 e6 3. Nc3 Bb4 4. Bd2 c5 5. e3 Nc6 6. Nf3 O-O 7. Bd3 cxd4 8.
exd4 d5 9. cxd5 exd5 10. O-O Bg4 11. Be3 Re8 12. Be2 Qa5 13. Qc2 Rac8 14. a3
Bxc3 15. bxc3 Ne4 16. c4 b5 17. c5 a6 18. Bd3 f5 19. Nh4 f4 20. Bxf4 Nxd4 21.
Qb2 Nc3 22. Be3 Nc6 23. h3 d4 24. Bxd4 Nxd4 25. hxg4 Rxc5 26. Qb4 Nce2+ 27. Kh1
Qb6 28. a4 a5 29. Qb2 Qh6 30. g3 g5 31. Bxe2 Nxe2 32. Qb3+ Kh8 33. Qb2+ Nc3 34.
Qd2 Ne4 35. Qd4+ Kg8 36. Qd7 Rce5 37. f4 Nxg3+ 38. Kg2 Re2+ 39. Kxg3 Qxh4+ 0-1

[Event "4. Wittelsbacher Weihnachts-Schach-Open"]
[Site "Kelheim"]
[Date "2015.12.30"]
[Round "7.45"]
[White "Hummel, Thomas"]
[Black "Hartmann, Willibald"]
[Result "1-0"]
[WhiteElo "1918"]
[BlackElo "1546"]
[PlyCount "53"]
[EventDate "2015.??.??"]
[WhiteTeam "SK Neumarkt"]
[BlackTeam "TSV Mindelheim"]

1. b4 Nf6 2. Bb2 e6 3. b5 d5 4. Nf3 Nbd7 5. e3 c5 6. bxc6 bxc6 7. c4 Rb8 8. Bc3
Nb6 9. Ba5 Bd6 10. d4 Bc7 11. c5 Nbd7 12. Bd2 O-O 13. Be2 e5 14. Qa4 e4 15. Ng1
Nxc5 16. dxc5 Be5 17. Nc3 d4 18. exd4 Bxd4 19. Rd1 Bg4 20. h3 Bxe2 21. Ngxe2
Bxf2+ 22. Kxf2 e3+ 23. Bxe3 Qe7 24. Qxc6 Rfe8 25. Rd3 Rb2 26. Rhd1 Rc2 27. Kg1
1-0

[Event "4. Wittelsbacher Weihnachts-Schach-Open"]
[Site "Kelheim"]
[Date "2015.12.30"]
[Round "7.46"]
[White "Glück, Ulrich"]
[Black "Meckel, Helmut"]
[Result "0-1"]
[WhiteElo "1713"]
[BlackElo "1777"]
[PlyCount "80"]
[EventDate "2015.??.??"]
[WhiteTeam "MSA Zugzwang"]
[BlackTeam "SG Solingen"]

1. d4 Nf6 2. c4 e5 3. dxe5 Ne4 4. Nf3 Bb4+ 5. Bd2 Nxd2 6. Nbxd2 Nc6 7. a3 Bf8
8. e3 Qe7 9. b4 g6 10. Rc1 Bg7 11. Be2 Nxe5 12. Nxe5 Qxe5 13. O-O O-O 14. Qb3
d6 15. Bf3 a5 16. b5 Rb8 17. Rfd1 Bf5 18. e4 Bd7 19. Nf1 Rfd8 20. Ne3 c6 21.
Qd3 cxb5 22. Qxd6 bxc4 23. Qxe5 Bxe5 24. Nxc4 Bf4 25. Rb1 a4 26. Nb6 Bc6 27.
Nd5 Bd6 28. Rd3 f5 29. Rbd1 Bxd5 30. Rxd5 fxe4 31. Bxe4 Re8 32. Rxd6 Rxe4 33.
Kf1 b5 34. Rd8+ Rxd8 35. Rxd8+ Kg7 36. Rd7+ Kf6 37. Rxh7 b4 38. axb4 Rxb4 39.
Ke2 a3 40. Kd2 Ra4 0-1

[Event "4. Wittelsbacher Weihnachts-Schach-Open"]
[Site "Kelheim"]
[Date "2015.12.30"]
[Round "7.47"]
[White "Winkelmeier, Alfred"]
[Black "Hirn, Thomas"]
[Result "1-0"]
[WhiteElo "1691"]
[BlackElo "1771"]
[PlyCount "99"]
[EventDate "2015.??.??"]
[WhiteTeam "SV Ilmmünster"]
[BlackTeam "TuS Fürstenfeldbruck"]

1. e4 c5 2. Nc3 e6 3. f4 Nc6 4. Nf3 a6 5. a3 Be7 6. Bc4 b5 7. Ba2 Bb7 8. O-O
Qc7 9. d3 d6 10. Qe1 Nf6 11. f5 e5 12. Qg3 Bf8 13. Bg5 Nd4 14. Rac1 b4 15. Nxd4
bxc3 16. Ne2 cxb2 17. Rb1 Qb6 18. Bb3 Be7 19. Rxb2 Qc7 20. Rfb1 Bc6 21. Nc3 h6
22. Bxf6 Bxf6 23. Bc4 O-O 24. Nd5 Bxd5 25. Bxd5 Rab8 26. Rb7 Rxb7 27. Rxb7 Qd8
28. h3 Bg5 29. Qe1 Bh4 30. g3 Be7 31. Qc3 Qe8 32. Qc4 a5 33. Qa6 Kh8 34. Qxa5
Bg5 35. Qa7 Be3+ 36. Kg2 Bd4 37. c4 Qa8 38. Rxf7 Qxa7 39. Rxa7 Kh7 40. a4 h5
41. a5 Rb8 42. Bb7 Bc3 43. a6 Ba5 44. Kf3 Bb6 45. Ra8 Rxa8 46. Bxa8 Kh6 47. h4
Ba7 48. Bc6 Bb6 49. Be8 Ba7 50. Bg6 1-0

[Event "4. Wittelsbacher Weihnachts-Schach-Open"]
[Site "Kelheim"]
[Date "2015.12.30"]
[Round "7.48"]
[White "Fritsch, Julian"]
[Black "Schulz, Siegfried"]
[Result "0-1"]
[WhiteElo "1377"]
[BlackElo "1831"]
[PlyCount "104"]
[EventDate "2015.??.??"]
[WhiteTeam "SK Kelheim"]
[BlackTeam "TSV Kirchenlaibach"]

1. f4 d5 2. e3 Nf6 3. d3 e6 4. Nf3 b6 5. Be2 Bb7 6. O-O Be7 7. Nc3 O-O 8. d4 c5
9. h3 Na6 10. g4 cxd4 11. Nxd4 Nc5 12. Qe1 Nce4 13. Nb3 Nxc3 14. Qxc3 Ne4 15.
Qe1 Bh4 16. Qd1 h6 17. Nd2 Ng3 18. Rf3 Nxe2+ 19. Qxe2 d4 20. e4 Rc8 21. c3 Rc7
22. Rd3 Rd7 23. cxd4 Rxd4 24. Rxd4 Qxd4+ 25. Kh2 Rd8 26. Nf3 Qf2+ 27. Qxf2 Bxf2
28. Kg2 Bc5 29. Nd2 Rd3 30. Kh2 Bf2 31. Kg2 Be1 32. Nb3 Bxe4+ 33. Kf1 Bb4 34.
h4 Rh3 35. h5 Bf3 36. a3 Be7 37. Nd4 Bxg4 38. Nc6 Bc5 39. b4 Rf3+ 40. Kg2 Bd6
41. Nxa7 Bxh5 42. Nc8 Bc7 43. a4 Rc3 44. Na7 Bd8 45. Bd2 Rc2 46. Kh3 Rxd2 47.
a5 Bf3 48. a6 Bg2+ 49. Kg3 b5 50. Kg4 f5+ 51. Kh5 Bf3+ 52. Kg6 Rg2# 0-1

[Event "4. Wittelsbacher Weihnachts-Schach-Open"]
[Site "Kelheim"]
[Date "2015.12.30"]
[Round "7.49"]
[White "Stutz, Robert"]
[Black "Lautner, Peter"]
[Result "1-0"]
[WhiteElo "1829"]
[BlackElo "1512"]
[PlyCount "108"]
[EventDate "2015.??.??"]
[WhiteTeam "TSV Grossmehring"]
[BlackTeam "SC Kreut"]

1. e4 c5 2. c4 Nc6 3. Nc3 d6 4. g3 Nf6 5. Bg2 g6 6. Nge2 a6 7. O-O Bg7 8. d3
O-O 9. f4 e6 10. Kh1 Rb8 11. Be3 Qc7 12. Qd2 Ng4 13. Bg1 b5 14. h3 Nf6 15. g4
Ne7 16. Bh2 Ne8 17. Ng3 f5 18. Rad1 Bd7 19. b3 fxg4 20. hxg4 Rd8 21. Nce2 Bh6
22. Qc2 b4 23. d4 cxd4 24. g5 Bg7 25. Nxd4 e5 26. Nde2 exf4 27. Nxf4 Be5 28.
Nd5 Nxd5 29. exd5 Ng7 30. Be4 Bxg3 31. Bxg3 Bf5 32. Rfe1 Qd7 33. Qh2 Bxe4+ 34.
Rxe4 Nf5 35. Rde1 Nxg3+ 36. Qxg3 Qf5 37. Kg2 Rd7 38. Re6 Qc2+ 39. R6e2 Qf5 40.
Rf2 Qxf2+ 41. Qxf2 Rxf2+ 42. Kxf2 Rf7+ 43. Kg3 Rf5 44. Kg4 Rf2 45. Re6 Rxa2 46.
Rxd6 a5 47. c5 a4 48. bxa4 b3 49. Rb6 Rxa4+ 50. Kf3 Ra3 51. Ke4 Kf8 52. Ke5 Ke8
53. Kd6 b2 54. Rxb2 Rg3 1-0

[Event "4. Wittelsbacher Weihnachts-Schach-Open"]
[Site "Kelheim"]
[Date "2015.12.30"]
[Round "7.50"]
[White "Krause, Karl-Heinz"]
[Black "Koellner, Ulrich"]
[Result "0-1"]
[WhiteElo "1428"]
[BlackElo "1865"]
[PlyCount "118"]
[EventDate "2015.??.??"]
[WhiteTeam "SK Landau-Dingolfing"]
[BlackTeam "SV Hofheim"]

1. e4 c6 2. d4 d5 3. Nd2 dxe4 4. Nxe4 Nd7 5. Nf3 Ngf6 6. Bd3 Nxe4 7. Bxe4 Nf6
8. Bd3 Bg4 9. Be3 e6 10. Be2 Bd6 11. h3 Bh5 12. c3 Nd5 13. Qd2 Qc7 14. Ne5 Bxe2
15. Qxe2 Bxe5 16. dxe5 Qxe5 17. O-O Nxe3 18. fxe3 O-O 19. Rae1 Rad8 20. Rf3 Qd5
21. Rf2 Qxa2 22. e4 Qa5 23. Ref1 Qe5 24. Qc2 Rd7 25. Kh1 Rfd8 26. Qb3 Qxe4 27.
c4 c5 28. Qg3 b6 29. Kh2 Qg6 30. Qf3 e5 31. Qe2 Qd6 32. Qe4 Re8 33. Kh1 Qd4 34.
Qc6 Red8 35. Qf3 Qxc4 36. b3 Qe6 37. Qe4 f6 38. b4 cxb4 39. Qxb4 Rd1 40. Qb5
Rxf1+ 41. Rxf1 e4 42. Qa6 e3 43. Re1 Rd7 44. Qc8+ Kf7 45. Qc3 e2 46. Qf3 Re7
47. Qh5+ Kg8 48. Qf3 a5 49. Qd3 h6 50. Qf3 Qe4 51. Qb3+ Re6 52. Qg3 a4 53. Qc3
b5 54. Qd2 b4 55. Qa2 b3 56. Qd2 a3 57. Qd8+ Kh7 58. h4 Qxh4+ 59. Kg1 Qxe1+ 0-1

[Event "4. Wittelsbacher Weihnachts-Schach-Open"]
[Site "Kelheim"]
[Date "2015.12.30"]
[Round "7.51"]
[White "Schilay, Eva"]
[Black "Obermeier, Johannes"]
[Result "1/2-1/2"]
[WhiteElo "1429"]
[BlackElo "1807"]
[PlyCount "59"]
[EventDate "2015.??.??"]
[WhiteTeam "SK Neumarkt"]
[BlackTeam "SK Kelheim"]

1. Nc3 Nf6 2. e4 e5 3. Nf3 Nc6 4. Bb5 Bc5 5. d3 d6 6. Bg5 h6 7. Be3 Bb4 8. Bd2
O-O 9. a3 Ba5 10. b4 Bb6 11. O-O Bg4 12. h3 Bh5 13. Bxc6 bxc6 14. Be3 Qd7 15.
Kh2 Rfe8 16. Bxb6 cxb6 17. Qe2 d5 18. Rfe1 d4 19. Nb1 c5 20. bxc5 bxc5 21. Nbd2
Qa4 22. Nc4 Bxf3 23. gxf3 Nh5 24. Rg1 Nf4 25. Qd2 Qd7 26. Rg3 f6 27. Rag1 Re7
28. Rb1 Rc8 29. Rb2 Kh8 30. Rb1 1/2-1/2

[Event "4. Wittelsbacher Weihnachts-Schach-Open"]
[Site "Kelheim"]
[Date "2015.12.30"]
[Round "7.52"]
[White "Meyer, Nico"]
[Black "Voigt, Tobias"]
[Result "1/2-1/2"]
[WhiteElo "1537"]
[BlackElo "1594"]
[PlyCount "39"]
[EventDate "2015.??.??"]
[WhiteTeam "SC Bechhofen"]
[BlackTeam "SK München Südost"]

1. e4 e6 2. d4 d5 3. exd5 exd5 4. Bd3 h6 5. Ne2 Nf6 6. c3 Bd6 7. Bf4 c6 8. Nd2
O-O 9. O-O Qc7 10. Bxd6 Qxd6 11. h3 b6 12. Qc2 Ba6 13. Rfe1 Bxd3 14. Qxd3 Nbd7
15. Qg3 Qxg3 16. Nxg3 Rfe8 17. Kf1 Kf8 18. Rxe8+ Rxe8 19. Re1 g6 20. Rxe8+
1/2-1/2

[Event "4. Wittelsbacher Weihnachts-Schach-Open"]
[Site "Kelheim"]
[Date "2015.12.30"]
[Round "7.53"]
[White "Ponomarev, Maximilian"]
[Black "Häusler, Florian"]
[Result "0-1"]
[WhiteElo "1253"]
[BlackElo "1806"]
[PlyCount "81"]
[EventDate "2015.??.??"]
[WhiteTeam "SC Tarrasch München"]
[BlackTeam "TSV Kareth-Lappersdorf"]

1. e4 c5 2. Nf3 d6 3. d4 cxd4 4. Nxd4 Nf6 5. Nc3 a6 6. Bc4 e6 7. O-O Be7 8. f3
Qc7 9. Bb3 b5 10. Be3 Nc6 11. a4 Nxd4 12. Bxd4 b4 13. Ne2 e5 14. Bf2 a5 15. Qd2
Be6 16. Bxe6 fxe6 17. c3 d5 18. Ng3 bxc3 19. Qxc3 Qxc3 20. bxc3 Rc8 21. Rfc1
Rc4 22. Bb6 Bc5+ 23. Bxc5 Rxc5 24. Rab1 Kd7 25. Kf2 Rhc8 26. Rb7+ R8c7 27.
Rxc7+ Kxc7 28. Ke3 Rc4 29. Rc2 Rxa4 30. h3 g6 31. h4 Ra1 32. exd5 exd5 33. Ne2
h5 34. f4 Ng4+ 35. Kd3 Rd1+ 36. Rd2 e4+ 37. Kc2 Rxd2+ 38. Kxd2 a4 39. c4 a3 40.
Nc1 e3+ 41. Ke2 0-1

[Event "4. Wittelsbacher Weihnachts-Schach-Open"]
[Site "Kelheim"]
[Date "2015.12.30"]
[Round "7.54"]
[White "Weidenhöfer, Robert"]
[Black "Meier, Jannik"]
[Result "1/2-1/2"]
[WhiteElo "1691"]
[BlackElo "1353"]
[PlyCount "72"]
[EventDate "2015.??.??"]
[WhiteTeam "SW Nürnberg Süd"]
[BlackTeam "TV Tegernsee"]

1. b3 e5 2. Bb2 Nc6 3. e3 d5 4. Bb5 Bd7 5. Bxc6 Bxc6 6. Bxe5 d4 7. Nf3 dxe3 8.
fxe3 Nf6 9. O-O Bd6 10. Bxd6 Qxd6 11. d4 Ng4 12. Ne5 Nxe5 13. dxe5 Qxe5 14. Qd4
Qg5 15. Rf2 Rd8 16. h4 Rxd4 17. hxg5 Rg4 18. c4 Rxg5 19. Nc3 Ke7 20. Ne2 Re8
21. Nd4 Bd7 22. Raf1 f6 23. Re2 a6 24. Rfe1 Bg4 25. Rd2 Rd8 26. Rb2 c5 27. Ne2
Bf5 28. Nc3 Be6 29. e4 Re5 30. Rbe2 Rd6 31. Kf2 Bf7 32. g4 h5 33. Nd5+ Kd7 34.
gxh5 Bxh5 35. Re3 Rde6 36. Rg1 Rg5 1/2-1/2

[Event "4. Wittelsbacher Weihnachts-Schach-Open"]
[Site "Kelheim"]
[Date "2015.12.30"]
[Round "7.55"]
[White "Tautz, Helmut"]
[Black "Guckes, Simon"]
[Result "1-0"]
[WhiteElo "1522"]
[BlackElo "1584"]
[PlyCount "143"]
[EventDate "2015.??.??"]
[WhiteTeam "SK Kelheim"]
[BlackTeam "SV Worms"]

1. e4 c5 2. Bc4 e6 3. Nf3 d5 4. exd5 exd5 5. Qe2+ Be7 6. Bb5+ Bd7 7. O-O a6 8.
Bxd7+ Qxd7 9. d4 cxd4 10. Nxd4 Nf6 11. Re1 Nc6 12. Nxc6 bxc6 13. Bg5 Qd6 14.
Nd2 Ra7 15. Be3 d4 16. Nc4 Qc5 17. Bf4 O-O 18. b3 Nd5 19. Bg3 Rd7 20. Rad1 Nc3
21. Qg4 Rd5 22. Rd3 Bf6 23. a4 Nxa4 24. Bd6 Rxd6 25. Nxd6 Qxd6 26. bxa4 Qb4 27.
c3 Qxa4 28. cxd4 c5 29. Qd1 Qxd1 30. Rexd1 cxd4 31. Ra1 Rc8 32. Kf1 Kf8 33.
Rxa6 Rc3 34. Rxc3 dxc3 35. Rc6 Ke7 36. Ke2 Kd7 37. Rc4 Kd6 38. Kd3 Kd5 39. h3
Be5 40. g3 g5 41. h4 h6 42. h5 f5 43. Rc8 f4 44. g4 Ke6 45. Rc6+ Kf7 46. Rxh6
Bf6 47. Rh7+ Ke6 48. Rh6 Kf7 49. Rxf6+ Kxf6 50. Kxc3 Kg7 51. Kd4 Kf6 52. f3 Ke6
53. Kc4 Ke5 54. Kc5 Ke6 55. Kc6 Ke5 56. Kd7 Kf6 57. Kd6 Kg7 58. Ke5 Kh6 59. Kf6
Kh7 60. Kxg5 Kg7 61. Kxf4 Kf6 62. g5+ Kg7 63. Ke5 Kf7 64. f4 Kg7 65. g6 Kh8 66.
h6 Kg8 67. f5 Kh8 68. f6 Kg8 69. Ke6 Kh8 70. g7+ Kh7 71. f7 Kxh6 72. f8=Q 1-0

[Event "4. Wittelsbacher Weihnachts-Schach-Open"]
[Site "Kelheim"]
[Date "2015.12.30"]
[Round "7.57"]
[White "Adlhoch, Walter"]
[Black "Huchler, Stefan"]
[Result "1/2-1/2"]
[WhiteElo "1537"]
[BlackElo "1595"]
[PlyCount "46"]
[EventDate "2015.??.??"]
[WhiteTeam "SK Schwandorf"]
[BlackTeam "Hohenems"]

1. c4 Nf6 2. Nc3 g6 3. e4 d6 4. d4 Bg7 5. Be2 O-O 6. Bg5 Nbd7 7. Qd2 c5 8. d5
Ne8 9. Bh6 Qb6 10. Bxg7 Nxg7 11. Nf3 f6 12. O-O-O a5 13. h4 a4 14. g4 a3 15. b3
Qb4 16. Kc2 Ne5 17. Nxe5 dxe5 18. f4 exf4 19. Qxf4 Qb6 20. d6 e5 21. Qe3 Ne6
22. Nb5 Nd4+ 23. Nxd4 cxd4 1/2-1/2

[Event "4. Wittelsbacher Weihnachts-Schach-Open"]
[Site "Kelheim"]
[Date "2015.12.30"]
[Round "7.58"]
[White "Butenandt, Svenja"]
[Black "Baedorf, Robert"]
[Result "1/2-1/2"]
[WhiteElo "1419"]
[BlackElo "1697"]
[PlyCount "34"]
[EventDate "2015.??.??"]
[WhiteTeam "TV Tegernsee"]
[BlackTeam "SF Illingen"]

1. e4 e5 2. Nf3 Nf6 3. Nxe5 d6 4. Nf3 Nxe4 5. Qe2 Qe7 6. d3 Nf6 7. Qxe7+ Bxe7
8. d4 O-O 9. c4 d5 10. c5 Re8 11. Be2 Bg4 12. Be3 c6 13. O-O Nbd7 14. Nc3 Ne4
15. h3 Bh5 16. Rfe1 Bg6 17. Bd3 Ndf6 1/2-1/2

[Event "4. Wittelsbacher Weihnachts-Schach-Open"]
[Site "Kelheim"]
[Date "2015.12.30"]
[Round "7.59"]
[White "Antczak, Lena"]
[Black "Mosler, Ernst"]
[Result "1/2-1/2"]
[WhiteElo "1654"]
[BlackElo "1641"]
[PlyCount "38"]
[EventDate "2015.??.??"]
[WhiteTeam "SK Kelheim"]
[BlackTeam "SV Wettstetten"]

1. e4 e5 2. Nf3 Nc6 3. d4 exd4 4. Nxd4 Ne5 5. Nc3 Nf6 6. f4 Ng6 7. Bc4 d6 8.
O-O c5 9. Nf3 Be7 10. Qe1 O-O 11. Be3 Be6 12. Bd3 Bd7 13. Rd1 Qc8 14. Nd5 Nxd5
15. exd5 Bf5 16. c4 Bxd3 17. Rxd3 Re8 18. Qc1 Qf5 19. Rdd1 Bf6 1/2-1/2

[Event "4. Wittelsbacher Weihnachts-Schach-Open"]
[Site "Kelheim"]
[Date "2015.12.30"]
[Round "7.60"]
[White "Erdösi, Anna"]
[Black "Michel, Philipp"]
[Result "0-1"]
[WhiteElo "1184"]
[BlackElo "1712"]
[PlyCount "68"]
[EventDate "2015.??.??"]
[WhiteTeam "TV Tegernsee"]
[BlackTeam "SC Forchheim"]

1. e4 c6 2. d4 d5 3. e5 Bf5 4. Nf3 e6 5. Nc3 c5 6. Be3 c4 7. Qd2 Bb4 8. a3 Qa5
9. Be2 Bxc3 10. bxc3 Ne7 11. O-O O-O 12. Rfb1 b5 13. Ra2 Nd7 14. Bg5 Nc6 15.
Be3 Nb6 16. Rab2 a6 17. Ra2 Na4 18. Raa1 Qxc3 19. Qxc3 Nxc3 20. Re1 Bxc2 21.
Rac1 Nxe2+ 22. Rxe2 Bd3 23. Rd2 Na5 24. Ne1 Nb3 25. Nxd3 Nxd2 26. Bxd2 cxd3 27.
Rc3 Rfc8 28. Rxd3 a5 29. Rb3 b4 30. h3 Rc4 31. Be3 Rc3 32. Rxc3 bxc3 33. a4 Rb8
34. Kh2 Rb4 0-1

[Event "4. Wittelsbacher Weihnachts-Schach-Open"]
[Site "Kelheim"]
[Date "2015.12.30"]
[Round "7.61"]
[White "Lohr, Maximilian"]
[Black "Burgard, Manfred"]
[Result "1-0"]
[WhiteElo "1383"]
[BlackElo "1565"]
[PlyCount "29"]
[EventDate "2015.??.??"]
[WhiteTeam "TSV Mainburg"]
[BlackTeam "SF Roding"]

1. e4 c5 2. d4 cxd4 3. c3 dxc3 4. Nxc3 Nc6 5. Bc4 d6 6. Nf3 Nf6 7. e5 dxe5 8.
Qxd8+ Nxd8 9. Nxe5 Ne6 10. Nb5 Rb8 11. Bxe6 Bxe6 12. Nc7+ Kd8 13. Nxe6+ fxe6
14. Nf7+ Ke8 15. Nxh8 1-0

[Event "4. Wittelsbacher Weihnachts-Schach-Open"]
[Site "Kelheim"]
[Date "2015.12.30"]
[Round "7.62"]
[White "Weindl, Robert"]
[Black "Kutschera, Reinhardt"]
[Result "0-1"]
[WhiteElo "1269"]
[BlackElo "1535"]
[PlyCount "49"]
[EventDate "2015.??.??"]
[WhiteTeam "SK Landshut"]
[BlackTeam "DJK-Regensburg Nord"]

1. Nf3 Nf6 2. b3 g6 3. Nc3 Bg7 4. Bb2 O-O 5. e3 c6 6. d4 b5 7. Bc1 Nd5 8. Nxd5
cxd5 9. Bd2 a6 10. a4 bxa4 11. Rxa4 d6 12. Bb5 axb5 13. Rxa8 Ba6 14. h4 h6 15.
g4 Qc7 16. Bb4 Qb7 17. Rxb8 Qxb8 18. h5 g5 19. Qa1 Qc8 20. Rf1 f5 21. Nh2 Qxc2
22. Qd1 Qxd1+ 23. Kxd1 fxg4 24. Nxg4 Rf3 25. Kc1 {Unleserlich} 0-1

[Event "4. Wittelsbacher Weihnachts-Schach-Open"]
[Site "Kelheim"]
[Date "2015.12.30"]
[Round "7.63"]
[White "Trefflich, Marcus"]
[Black "Gehrke, Jakob"]
[Result "0-1"]
[WhiteElo "1371"]
[BlackElo "1294"]
[PlyCount "86"]
[EventDate "2015.??.??"]
[WhiteTeam "SC Treuchtlingen"]
[BlackTeam "TV Tegernsee"]

1. c4 e5 2. Nc3 Nc6 3. g3 Nf6 4. Bg2 Bc5 5. d3 d6 6. Nf3 Nd4 7. O-O c6 8. Bg5
h6 9. Bxf6 Qxf6 10. Ne4 Nxf3+ 11. Bxf3 Qe7 12. Nxc5 dxc5 13. Rb1 Bh3 14. Bg2
Bxg2 15. Kxg2 O-O 16. a3 a5 17. Qe1 f5 18. b4 b6 19. bxa5 bxa5 20. a4 f4 21.
Qd1 Qg5 22. h4 Qg4 23. e4 f3+ 24. Kh2 g5 25. Rg1 Kh8 26. Qd2 Rf6 27. Qc3 Re6
28. Rb6 gxh4 29. Rxc6 Rxc6 30. Qxe5+ Qg7 31. Qd5 Rac8 32. gxh4 Qd4 33. Qxd4+
cxd4 34. Rg4 Rg8 35. Kg3 Rf6 36. c5 h5 37. Rxg8+ Kxg8 38. c6 Rxc6 39. Kxf3 Rf6+
40. Kg3 Rg6+ 41. Kf3 Rg4 42. Ke2 Rxh4 43. e5 Kf7 0-1